| 000 | 00590nam a22002417a 4500 | ||
|---|---|---|---|
| 999 |
_c6805 _d6805 |
||
| 001 | 6805 | ||
| 003 | BD-JhCC | ||
| 005 | 20180130174932.0 | ||
| 008 | 941110s1966 enk 000 0 eng d | ||
| 035 | _a(BD-JhCC)6805 | ||
| 040 |
_aBD-JhCC _dBD-JhCC |
||
| 041 | _aeng | ||
| 050 | 0 | 4 | _aPZ4.K116 |
| 082 |
_a823.91 _bKAC 1966 |
||
| 100 | 1 | _aKachingwe, Aubrey. | |
| 245 | 1 | 0 |
_aNo easy task / _cAubrey Kachingwe |
| 260 |
_aLondon : _bHeinemann, _c1966. |
||
| 300 |
_a233 p. ; _c21 cm |
||
| 650 |
_aFiction _zAfrica |
||
| 830 | 0 | _aAfrican writers series | |
| 942 |
_2ddc _cBK |
||